Theory of functions of a complex variable /
Guardado en:
| Autor Principal: | |
|---|---|
| Formato: | Libro |
| Idioma: | English German |
| Publicado: |
New York :
Chelsea,
1954.
|
| Etiquetas: |
Agregar Etiqueta
Sin Etiquetas, Sea el primero en etiquetar este registro!
|
| LEADER | 00762nam a22002055a 4500 | ||
|---|---|---|---|
| 001 | MAT.inmabb000387 | ||
| 008 | 031211s1954####nyua##########001#0#eng#d | ||
| 005 | 20110225154552.0 | ||
| 245 | 1 | 0 | |a Theory of functions of a complex variable / |c by C. Carathéodory ; translated by F. Steinhardt. |
| 260 | |a New York : |b Chelsea, |c 1954. | ||
| 300 | |a 2 v. : |b il. ; |c 24 cm. | ||
| 500 | |a Traducción de: Funktionentheorie. Basel : Birkhäuser, 1950. | ||
| 510 | 4 | |a MR, |c 12,248c |3 (de la ed. original) | |
| 100 | 1 | |a Carathéodory, Constantin, |d 1873-1950. | |
| 240 | 1 | 0 | |a Funktionentheorie. |l Inglés |
| 084 | |a 30-01 |2 msc2000 | ||
| 010 | |a 54007547 | ||
| 041 | 1 | |a eng |h ger | |
| 859 | |h 30 |i C262 |p A-24 |v 1 |3 Vol. 1 |b BIB. MATEMATICA | ||
| 859 | |h 30 |i C262 |p A-25 |v 2 |3 Vol. 2 |b BIB. MATEMATICA | ||
